| 000 | 00807cam a2200229 a 4500 | ||
|---|---|---|---|
| 001 | 13443899 | ||
| 005 | 20180307081925.0 | ||
| 008 | 031224s2005 njua b 001 0 eng | ||
| 010 | _a 2003070545 | ||
| 020 | _a0471433381 (acidfree paper) | ||
| 040 |
_aDLC _cDLC _dDLC |
||
| 041 | _aeng | ||
| 080 | _a515.35 BOY | ||
| 082 | 0 | 0 |
_a515.35 BOY _222 |
| 100 | 1 | _a37 | |
| 101 | _aMAT | ||
| 245 | 1 | 0 |
_aElementary differential equations and boundary value problems / _cWilliam E. Boyce, Richard C. DiPrima. |
| 504 | _aIncludes bibliographical references and index. | ||
| 906 |
_a7 _bcbc _corignew _d1 _eocip _f20 _gy-gencatlg |
||
| 942 |
_2ddc _cBK |
||
| 999 |
_c44322 _d44322 |
||